header

Situating Islam (Record no. 101189)

MARC details
000 -LEADER
fixed length control field 01842nam a2200373 a 4500
082 04 - DEWEY DECIMAL CLASSIFICATION NUMBER
Classification number 297.071
100 1# - MAIN ENTRY--AUTHOR NAME
Personal name Hughes, Aaron W.,
245 10 - TITLE STATEMENT
Title Situating Islam
260 ## - PUBLICATION, DISTRIBUTION, ETC. (IMPRINT)
Place of publication London ;
-- Oakville, CT :
Name of publisher Equinox Pub.,
Year of publication 2007.
300 ## - PHYSICAL DESCRIPTION
Number of Pages 132 p.
490 1# - SERIES STATEMENT
Series statement Religion in culture
505 0# - FORMATTED CONTENTS NOTE
Formatted contents note Introduction -- Loss of memory, loss of focus : Geiger, Said, and the search for missing origins -- The invention of the Middle East : religion and the quest for understanding the Muslim mind -- Tensions past, tensions future : Middle Eastern studies confronts religious studies -- We study Muslim constructions, not Muslims, right? -- The implosion of a discipline : 9/11 and the Islamic studies scholar as media expert -- Conclusion : towards a future imperfect.
650 #0 - SUBJECT ADDED ENTRY--TOPICAL TERM
Topical Term Islam
Topical Term Islam
856 40 - ELECTRONIC LOCATION AND ACCESS
Uniform Resource Identifier http://site.ebrary.com/lib/rucke/Doc?id=10386863

No items available.

© 2026 Rongo University
Contact us: librarian | system librarian | Rongo university